| 000 | 00518nam a22001937a 4500 | ||
|---|---|---|---|
| 003 | koha_MIRAKIL | ||
| 005 | 20231213100158.0 | ||
| 008 | 231213b |||||||| |||| 00| 0 ||| d | ||
| 040 |
_aTR-IsEVY _btur _cTR-IsEVY |
||
| 082 | _a823.914 TOL/B | ||
| 100 | _aTolkien, J. R. R. (John Ronald Reuel), 1892-1973. | ||
| 245 | 0 | _aBitmemiş öyküler | |
| 250 | _a2. bs. | ||
| 260 |
_bİthaki, _c2014 |
||
| 300 | _a748 s. | ||
| 650 | _aFantasy fiction, English. | ||
| 650 | _aFantezi roman, İngiliz. | ||
| 942 |
_2ddc _cBK |
||
| 999 |
_c15770 _d15770 |
||